00514nam a22001217a 4500008004100000082001900041111001400060245018300074250003500257260004900292300000900341710004200350230602b xxu||||| |||| 00| 0 eng d a305.67628bNJE dJuly 2009 aMapping the Root Causes of Conflict:bAn Agenda for Sustainable Conflict Mitigation and Peace Building in KenyacKenya Episcopal Conference, Catholic Justice and Peace Commission aSimplified and Popular Version aKenyabKenya Episcopal ConferencecJuly 2009 a56 p bCatholic Justice and Peace Commission